| 000 | 00918nam a22002537a 4500 | ||
|---|---|---|---|
| 999 |
_c65539 _d65539 |
||
| 005 | 20240530110830.0 | ||
| 008 | 190903s2007 ua a g b 000 0 ara d | ||
| 017 |
_a2007/13449 _bمصر. دار الكتب |
||
| 020 | _a9773442144 | ||
| 040 |
_aEG-CaGPL _cEG-CaGPL |
||
| 082 | 0 | 4 |
_221 _a240 \ _bي ف |
| 100 | 0 | _aيحيى هشام حسن فرغل | |
| 245 | 1 | 2 |
_aالفكر المعاصر فى ضوء العقيدة الاسلامية / _cيحيى هشام حسن فرغل |
| 250 | _aط.1 | ||
| 260 |
_aالقاهرة : _bدار الافاق العربية، _c2007 |
||
| 300 |
_a414 ص. ؛ _c24 سم. |
||
| 490 | 1 |
_aموسوعة العقيدة والاديان ؛ _v16 |
|
| 650 | 0 | 7 |
_2qrmak _aالعقيدة الاسلامية |
| 650 | 0 | 7 |
_aالالحاد _2qrmak |
| 650 | 0 | 7 |
_aالاسلام والفلسفة _2qrmak |
| 651 | _2qrmak | ||
| 942 |
_2ddc _cBK |
||